000 00659nam a2200205Ii 4500
003 JO-AjNU
008 230605s9999||||xx |||||||||||||| ||und||
040 _aJO-AjNU
_bara
_erda
_cJO-AjNU
041 _aara
050 1 4 _aBP161.2.M83 1987
100 3 _aسالم،محمد رشاد,
_eauthor
_914577
245 0 0 _aالمدخل الى الثقافة الإسلامية
250 _aط9
264 3 1 _aالكويت: دار القلم للنشر والتوزيع، 1987
300 _a259ص
336 _atext
_btxt
_2rdacontent
337 _aunmediated
_bn
_2rdamedia
338 _avolume
_bnc
_2rdacarrier
650 4 _aالثقافة الاسلامية
_914578
999 _aA3920
_c7488
_d7488